000
00235nam a2200097Ia 4500
001
706142
005
20250826162443.0
008
250824s9999 xx 000 0 und d
245
0
_a
SAFAHAT
_c
MEHMET AKİF ERSOY
260
_b
DERGAH YAYINLARI
999
_c
706142
_d
706142